| 000 | 00880nam a2200277 i 4500 | ||
|---|---|---|---|
| 001 | 106849 | ||
| 003 | ES-MaACL | ||
| 005 | 20250710064919.0 | ||
| 007 | t| | ||
| 008 | 070105s1971 be |||| | fre d | ||
| 080 | _a81'38 | ||
| 080 | _a821.133.1.09 | ||
| 080 | _a003.6 | ||
| 100 | 1 |
_aBarthes, Roland. _926125 |
|
| 245 | 1 | 3 |
_aLe degré zéro de l'écriture suivi de Eléments de sémiologie / _cRoland Barthes. |
| 246 | 3 | 0 | _aEléments de sémiologie |
| 260 |
_a[S.l.] : _bGonthier, _c[1971] |
||
| 300 |
_a181 p. ; _c18 cm. |
||
| 490 | 1 |
_aBibliothèque médiations ; _v40 |
|
| 650 | 1 | 4 |
_aEstilística. _912551 |
| 650 | 4 |
_aLiteratura francesa- _xHistoria y crítica _914586 |
|
| 650 | 4 |
_aSemiótica. _917041 |
|
| 830 | 0 |
_aBibliothèque médiations ; _v40 _9185151 |
|
| 852 |
_aES-MaACL _jE-11499 _z. - Biblioteca Jacinto Martínez Lacalle |
||
| 999 |
_c106849 _d106849 |
||